00554nmm a2200193Ia 4500008004100000020001800041041000800059100002000067245002000087264004900107300001800156490002800174650003000202700002000232700003300252856005100285942000700336999001700343251105s9999||||xx |||||||||||||||||und|| a9788415729884 aspa aStevens, Amanda 0aLa restauradora a[Madrid, España] :bRoca Editorial, c2014 a298 páginas aLa reina del cementerio aScience fiction & Fantasy aStevens, Amanda1 a Angulo Fernández, María uhttps://public.digitaliapublishing.com/a/34546 cCF c71742d71742